| 000 | 00671nam a2200301Ia 4500 | ||
|---|---|---|---|
| 005 | 20260401122059.0 | ||
| 008 | 008 250103s9999 xx 000 0 eng d | ||
| 020 | _a313287783 | ||
| 037 | _aTB | ||
| 040 | _aEDL | ||
| 040 | _beng | ||
| 040 | _cEDL | ||
| 041 | _2eng | ||
| 041 | _aeng | ||
| 084 | _a891.1 NAT | ||
| 084 | _qEDL | ||
| 100 | _aNatarajan, Nalini | ||
| 245 | 0 | _aHandbook of Twentieth-Century Literatures of India | |
| 245 | 0 | _cNatarajan, Nalini | |
| 260 | _aWestport | ||
| 260 | _bGreenwood Press | ||
| 260 | _c1996 | ||
| 300 | _a437p | ||
| 942 | _cTB | ||
| 942 | _h891.1 NAT | ||
| 999 |
_c1844783 _d1844783 |
||